The magic school bus blasts into space / (Record no. 4212)
[ view plain ]
| 000 -LEADER | |
|---|---|
| fixed length control field | 01116nam a22003017a 4500 |
| 001 - CONTROL NUMBER | |
| control field | 4212 |
| 003 - CONTROL NUMBER IDENTIFIER | |
| control field | C |
| 005 - DATE AND TIME OF LATEST TRANSACTION | |
| control field | 20250421120922.0 |
| 008 - FIXED-LENGTH DATA ELEMENTS--GENERAL INFORMATION | |
| fixed length control field | 240704b cb ||||| |||| 00| 0 eng d |
| 020 ## - INTERNATIONAL STANDARD BOOK NUMBER | |
| International Standard Book Number | 9780545086028 |
| 040 ## - CATALOGING SOURCE | |
| Original cataloging agency | FISKH |
| Language of cataloging | eng |
| Transcribing agency | FISKH |
| Modifying agency | FISKH |
| 050 ## - LIBRARY OF CONGRESS CALL NUMBER | |
| Classification number | E11 |
| 082 ## - DEWEY DECIMAL CLASSIFICATION NUMBER | |
| Classification number | 523.2 |
| 100 ## - MAIN ENTRY--PERSONAL NAME | |
| Personal name | Earhart, Kristin |
| 245 ## - TITLE STATEMENT | |
| Title | The magic school bus blasts into space / |
| Statement of responsibility, etc. | Written by Kristin Earhart ; Illustrated by Carolyn Bracken |
| 250 ## - EDITION STATEMENT | |
| Edition statement | First Printing, January 2009 |
| 260 ## - PUBLICATION, DISTRIBUTION, ETC. | |
| Place of publication, distribution, etc. | New York : |
| Name of publisher, distributor, etc. | Scholastic, |
| Date of publication, distribution, etc. | 2008 |
| 300 ## - PHYSICAL DESCRIPTION | |
| Extent | 32 pages : |
| Other physical details | color illustrations ; |
| Dimensions | 23 m |
| 500 ## - GENERAL NOTE | |
| General note | |
| 505 ## - FORMATTED CONTENTS NOTE | |
| Formatted contents note | J<br/> |
| 520 ## - SUMMARY, ETC. | |
| Summary, etc. | Carlos brings a space game to school. Then the Magic School Bus takes a field trip inside the game! Can Ms. Frizzle's class answer the space clues and make it out of the game? Blast off with the Magic School Bus and learn all about the solar system!<br/> |
| 521 8# - TARGET AUDIENCE NOTE | |
| Target audience note | 480<br/> |
| Source | Lexile<br/> |
| 521 8# - TARGET AUDIENCE NOTE | |
| Target audience note | J<br/> |
| Source | Raz-Plus<br/> |
| 650 ## - SUBJECT ADDED ENTRY--TOPICAL TERM | |
| Topical term or geographic name entry element | Outer space |
| Form subdivision | Planets |
| General subdivision | Solar system |
| Chronological subdivision | Space |
| 700 ## - ADDED ENTRY--PERSONAL NAME | |
| Personal name | Bracken, Carolyn |
| Relator term | illustrator |
| 942 ## - ADDED ENTRY ELEMENTS (KOHA) | |
| Source of classification or shelving scheme | Dewey Decimal Classification |
| Koha item type | Books |
| Suppress in OPAC | No |
| Withdrawn status | Lost status | Source of classification or shelving scheme | Damaged status | Not for loan | Collection | Home library | Current library | Shelving location | Date acquired | Total Checkouts | Full call number | Barcode | Date last seen | Date last checked out | Copy number | Price effective from | Koha item type | Date due |
|---|---|---|---|---|---|---|---|---|---|---|---|---|---|---|---|---|---|---|
| Dewey Decimal Classification | Non-Fiction | Footprints International School Library Network Toul Kork Campus | Footprints International School Library Network Toul Kork Campus | TK Primary Library Room(4th Floor), Bookcase 1&2, Shelves 1-16, Dark Blue Books | 07/04/2024 | 4 | EAR 523.2 E11 | FISTK04429 | 01/14/2026 | 09/03/2025 | 1 | 07/04/2024 | Books | |||||
| Dewey Decimal Classification | Non-Fiction | Footprints International School Library Network Toul Kork Campus | Footprints International School Library Network Toul Kork Campus | TK Primary Library Room(4th Floor), Bookcase 1&2, Shelves 1-16, Dark Blue Books | 04/21/2025 | 1 | EAR 523.2 E11 | FISBK02739 | 04/23/2026 | 04/23/2026 | 3 | 04/21/2025 | Books | 05/07/2026 | ||||
| Dewey Decimal Classification | Non-Fiction | Footprints International School Library Network Toul Tom Poung Campus | Footprints International School Library Network Toul Tom Poung Campus | TTP Primary Dark Blue Bookshelves | 03/27/2025 | 2 | EAR 523.2 E11 | 2025-0840 | 03/11/2026 | 01/21/2026 | 2 | 03/27/2025 | Books |
